00950nam a2200193 i 450000100060000000300090000600500170001500700030003200800410003508000120007610000300008824500650011826000510018330000210023453000350025553300840029065000180037485203640039254597ES-MaACL20250719062533.0t|960723s1893 cu |||| | spa d a343.2541 aCuervo, Manuel Froilán.13aLa ley de Lynch / cconsiderada por Manuel Froilán Cuervo. aHabana : b[s.n.], c1893 (fTip. de La Lucha) a76 p. ; c18 cm. aDisponible en formato digital. aCopia digital:cBiblioteca Digital Hispánica (Biblioteca Nacional Española) 4aLinchamiento. bR.FOLL.11/1aES-MaACLdOlim: 193-C-18jD-262(1) xEncuadernado con otras obras formando un volumen facticio.fSello en tinta en portada: "Donativo del Sr. Lastres al Ateneo de Madrid. 1907"fSello en tinta en portada: "B.E.P. Madrid. Biblioteca"gAnotación manuscrita en cubierta: "Flletos penitenciarios. Tomo 18"hDonación: Francisco Lastres y JuizcSVI